| 000 | 00446cam a2200169ua 4500 | ||
|---|---|---|---|
| 020 | _c1.25 | ||
| 041 |
_amal _h |
||
| 082 |
_a894.8122 _bPAD/PA |
||
| 100 | _aPadmanabha pilai, Cherukara . | ||
| 245 |
_aPanayam theerakki mattumbo / _cCherukara Padmanabha pillai. _hTextual Documents |
||
| 260 |
_aEranakulam : _bParishath book stall , _c1961. |
||
| 300 | _a102 ; . | ||
| 365 | _a1.25 | ||
| 504 | _a | ||
| 942 | _cBK | ||
| 999 |
_c1280 _d1280 |
||